C'est une belle journée - Mylène Farmer - Statistiques

Statistiques générales
  • Ce quiz a été pris 75 fois
  • Le résultat moyen est 256 sur 326
Statistiques - réponses
Réponse % Correct
c'est
98%
C'est
98%
un
98%
à
96%
belle
95%
Belle
95%
de
95%
journée
95%
le
95%
je
93%
coucher
91%
des
91%
est
91%
la
91%
91%
me
91%
qui
91%
une
91%
va
91%
vais
91%
mort
89%
Allongé
87%
moi
87%
Pour
87%
pour
87%
corps
85%
dort
85%
homme
85%
si
85%
moitié
84%
mais
82%
l'envie
80%
milliers
80%
s'achève
78%
pleine
76%
au
75%
en
75%
pieds
75%
vie
75%
d'aimer
73%
que
73%
j'ai
71%
mes
71%
vide
71%
voir
71%
vois
71%
voit
69%
et
67%
qu'on
67%
sans
67%
anges
65%
donne
65%
l'éternité
65%
souffle
65%
cœur
64%
encore
64%
bonheur
62%
côté
62%
effort
62%
mon
62%
peur
62%
fait
60%
son
60%
mordre
58%
du
56%
elle
56%
philosophie
56%
amour
55%
comme
55%
court
55%
les
55%
pleines
55%
lui
53%
aile
51%
dis
51%
ne
51%
toujours
51%
dents
49%
doit
49%
souveraine
49%
l'amphore
47%
oh
47%
froisser
45%
léger
45%
paix
45%
pile
45%
plaisirs
45%
d'avoir
44%
j'entre
44%
lourd
44%
tout
44%
aussi
42%
élégies
42%
tant
42%
dit
40%
vois-tu
40%
mienne
36%
monde
35%
d'envies
33%
emporté
33%
longs
29%
m'faire
29%
courts
27%
puisqu'en
27%
mortelle
24%
Aucun quiz correspondant
Distribution des résultats
% des personnes avec chaque résultat
Percentile par nombre de réponses
Votre historique - résultats
Vous n’avez pas pris ce quiz